El impuesto al valor agregado (Registro nro. 835)

Detalles MARC
000 -LEADER
fixed length control field 01373 a2200229 4500
001 - CONTROL NUMBER
control field 21660
005 - DATE AND TIME OF LATEST TRANSACTION
control field 20260407155507.0
008 - FIXED-LENGTH DATA ELEMENTS--GENERAL INFORMATION
fixed length control field 260407a2004 arg spa d
003 - CONTROL NUMBER IDENTIFIER
control field AR-UNSa-BCEJYS
040 ## - CATALOGING SOURCE
Original cataloging agency AR-UNSa-BCEJYS
Language of cataloging spa
Transcribing agency AR-UNSa-BCEJYS
080 ## - UNIVERSAL DECIMAL CLASSIFICATION NUMBER
Universal Decimal Classification number 336.226.3
Common auxiliary subdivision Impuestos por el uso de los ingresos. Impuestos al consumo. IVA
020 ## - INTERNATIONAL STANDARD BOOK NUMBER
International Standard Book Number 987-03-0505-9
100 1# - MAIN ENTRY--PERSONAL NAME
Personal name Dreiling, Paola E.
245 10 - TITLE STATEMENT
Title El impuesto al valor agregado
264 #1 - PRODUCTION, PUBLICATION, DISTRIBUTION, MANUFACTURE, AND COPYRIGHT NOTICE
Place of production, publication, distribution, manufacture Buenos Aires :
Name of producer, publisher, distributor, manufacturer La Ley
Date of production, publication, distribution, manufacture, or copyright notice 2004
300 ## - PHYSICAL DESCRIPTION
Extent xl, 829 p.
Dimensions 25 cm.
505 ## - FORMATTED CONTENTS NOTE
Formatted contents note 1. Imposición a los consumos - 2. Antecedentes, evolución y características del sistema tributario - 3. Objeto, sujeto y concepto de venta - 4. Perfeccionamiento del hecho imponible y generación del débito fiscal - 5.Exenciones - 6. Base imponible y débito fiscal - 7. Crédito fiscal - 8. Actividades con tratamientos especiales - 9. Alícuotas - 10. Período fiscal de liquidación y saldos de declaración jurada - 11. Categorización frente al impuesto - 12. Explotaciones agropecuarias - 13. Régimen especial para exportadores y actividades similares - 14. Retenciones, percepciones y pagos a cuenta
590 ## - LOCAL NOTE (RLIN)
Local note niveau_biblio:m niveau_hierar:0
700 1# - ADDED ENTRY--PERSONAL NAME
Personal name Cáceres, Alberto I.
856 41 - ELECTRONIC LOCATION AND ACCESS
Uniform Resource Identifier <a href="https://biblioeco.unsa.edu.ar/pmb/images/libros/El Impuesto al Valor Agregado.jpg">https://biblioeco.unsa.edu.ar/pmb/images/libros/El Impuesto al Valor Agregado.jpg</a>
Link text Imagen de portada
Electronic format type image/jpeg
942 ## - ADDED ENTRY ELEMENTS (KOHA)
Koha item type
Existencias
Withdrawn status Lost status Damaged status Not for loan Home library Current library Shelving location Date acquired Total checkouts Full call number Barcode Date last seen Price effective from Koha item type
        Biblioteca Prof. Eusebio Cleto del Rey Biblioteca Prof. Eusebio Cleto del Rey   07/04/2026   P336.226.3 C118 L119521 07/04/2026 07/04/2026 Libro